| 000 | nam a22 a 4500 | ||
|---|---|---|---|
| 999 |
_c3701 _d3701 |
||
| 005 | 20170523153507.0 | ||
| 008 | 170523b1991 enk||||| |||| 00| 0 eng d | ||
| 020 |
_a0006379281 (pbk.) : _c£8.99 |
||
| 040 | _aAKMAL | ||
| 082 | 0 | 4 | _a658.8101 BON |
| 090 |
_a658.8101 _bBON |
||
| 100 | 1 |
_aDe Bono, Edward, _d1933- _91066 |
|
| 245 | 1 | 0 |
_aSur/petition : _breating value monopolies when everyone else is merely competing _cEdward de Bono. |
| 260 |
_aLondon : _bHarperCollins, _c1991. |
||
| 300 |
_axxi, 234 p. ; _c22cm |
||
| 500 | _aIncludes index. | ||
| 852 | 4 | 1 |
_aBritish Library _bHMNTS |
| 942 |
_2ddc _cBOOK |
||